书目信息 |
| 题名: |
他山之石
|
|
| 作者: | 陈漱渝, , 姜异新 编 | |
| 分册: | ||
| 出版信息: | 天津 天津人民出版社 2021.08 |
|
| 页数: | 399页 | |
| 开本: | 21cm | |
| 丛书名: | ||
| 单 册: | ||
| 中图分类: | I106.4 | |
| 科图分类: | ||
| 主题词: | 小说--xiao shuo--文学欣赏--国外 | |
| 电子资源: | ||
| ISBN: | 978-7-201-17464-8 | |
| 000 | 01191nam0 2200289 450 | |
| 001 | 0100028631 | |
| 005 | 20211025120205.0 | |
| 010 | @a978-7-201-17464-8@dCNY69.00 | |
| 100 | @a20210826d2021 em y0chiy50 ea | |
| 101 | 0 | @achi |
| 102 | @aCN@b120000 | |
| 105 | @aa a 000yy | |
| 106 | @ar | |
| 200 | 1 | @a他山之石@Ata shan zhi shi@e鲁迅读过的百来篇外国作品@f陈漱渝, 姜异新编 |
| 210 | @a天津@c天津人民出版社@d2021.08 | |
| 215 | @a399页@c图@d21cm | |
| 300 | @a领读 | |
| 314 | @a陈漱渝, 曾任鲁迅博物馆副馆长间鲁迅研究室主任。姜异新, 北京鲁迅博物馆研究室主任等职。 | |
| 320 | @a有书目 | |
| 330 | @a本书为编辑约稿而来。2021年是鲁迅诞辰140周年。鲁迅一生在文学创作、文学批评、思想研究、文学史研究、翻译、美术理论引进、基础科学介绍和古籍校勘与研究等多个领域具有重大贡献。该书分四部分, 内容包括: 日译俄国小说合订本 ; 《域外小说集》第一册 ; 《域外小说集》第二册 ; 其他。 | |
| 517 | 1 | @a鲁迅读过的百来篇外国作品@Alu xun du guo de bai lai pian wai guo zuo pin |
| 606 | 0 | @a小说@Axiao shuo@x文学欣赏@x国外 |
| 690 | @aI106.4@v5 | |
| 701 | 0 | @a陈漱渝,@Achen shu yu@f1941-@4编 |
| 701 | 0 | @a姜异新@Ajiang yi xin@4编 |
| 801 | 0 | @aCN@c20210909 |
| 905 | @a河南城建学院图书馆@dI106.4@eC568 | |
| 他山之石:鲁迅读过的百来篇外国作品/陈漱渝, 姜异新编.-天津:天津人民出版社,2021.08 |
| 399页:图;21cm |
| 领读 |
| ISBN 978-7-201-17464-8:CNY69.00 |
| 本书为编辑约稿而来。2021年是鲁迅诞辰140周年。鲁迅一生在文学创作、文学批评、思想研究、文学史研究、翻译、美术理论引进、基础科学介绍和古籍校勘与研究等多个领域具有重大贡献。该书分四部分, 内容包括: 日译俄国小说合订本 ; 《域外小说集》第一册 ; 《域外小说集》第二册 ; 其他。 |
| ● |
| 相关链接 |
|
|
|
正题名:他山之石
索取号:I106.4/C568
 
预约/预借
| 序号 | 登录号 | 条形码 | 馆藏地/架位号 | 状态 | 备注 |
| 1 | 1546802 | 215468027 | 文学库108/108文学库 1排5列4层/ [索取号:I106.4/C568] | 在馆 | |
| 2 | 1546803 | 215468036 | 文学库108/108文学库 1排8列2层/ [索取号:I106.4/C568] | 在馆 |